Statistiques concernant Pokémon de type Normal

Cliquez ici pour prendre le quiz!

Statistiques générales

  • Ce quiz a été pris 392 fois
    (74 depuis la dernière actualisation)
  • Le résultat moyen est 97 sur 115

Statistiques - réponses

Pokémon % Correct
Roucoups
100%
Roucool
100%
Roucarnage / Méga-Roucarnage
100%
Ronflex
100%
Nirondelle
100%
Hélédelle
100%
Arceus
96%
Évoli
96%
Vivaldaim
96%
Rondoudou
96%
Linéon / Linéon de Galar
96%
Leveinard
96%
Keunotor
96%
Haydaim
96%
Grodoudou
96%
Goinfrex
96%
Zigzaton / Zigzaton de Galar
96%
Castorno
96%
Canarticho
93%
Toudoudou
93%
Tauros
93%
Dodrio
93%
Doduo
93%
Miradar
93%
Ptiravi
93%
Rattatac / Rattatac d'Alola
93%
Rattata / Rattata d'Alola
93%
Lockpin / Méga-Lockpin
93%
Ratentif
93%
Leuphorie
93%
Bazoucan
89%
Picassaut
89%
Rapasdepic
89%
Laporeille
89%
Sapereau
89%
Mastouffe
89%
Métamorph
89%
Ponchiot
89%
Ponchien
89%
Hoothoot
89%
Piafabec
89%
Étourmi
89%
Étourvol
89%
Teddiursa
89%
Fouinette
89%
Fouinar
89%
Étouraptor
89%
Excavarenne
89%
Ursaring
89%
Poichigeon
86%
Noarfang
86%
Nanméouïe / Méga-Nanméouïe
86%
Déflaisan
86%
Azurill
86%
Vigoroth
86%
Monaflèmit
86%
Écrémeuh
86%
Queulorior
86%
Colombeau
86%
Hélionceau
86%
Piclairon
86%
Passerouge
82%
Chelours
82%
Cerfrousse
82%
Miaouss
82%
Persian
82%
Galvaran
82%
Kangourex / Méga-Kangourex
82%
Girafarig
82%
Iguolta
82%
Némélios
82%
Delcatty
82%
Skitty
82%
Parecool
82%
Silvallié
79%
Tylton
79%
Coudlangue
79%
Moumouton
79%
Nounourson
79%
Insolourdo
79%
Morphéo
79%
Couafarel
79%
Manglouton
79%
Excelangue
79%
Mangriff
75%
Regigigas
75%
Brouhabam
75%
Ixon
75%
Furaiglon
75%
Pijako
75%
Capidextre
75%
Capumain
75%
Type:0
75%
Chuchmur
75%
Ramboum
75%
Argouste
75%
Meloetta
75%
Draïeul
75%
Gueriaigle
75%
Moumouflon
71%
Gouroutan
71%
Frison
68%
Dodoala
68%
Pashmilla
68%
Spinda
68%
Chinchidou
68%
Rongrigou
68%
Chaglam
68%
Chaffreux
68%
Porygon-Z
68%
Porygon2
68%
Porygon
68%
Rongourmand
68%
Kecleon
64%
Wimessir
57%

Distribution des résultats

Percentile by Number Answered

% des personnes avec chaque résultat

Votre développement - résultats

Vous n’avez pas pris ce quiz depuis la dernière actualisation